| 000 | 00925cam a2200229 a 4500 | ||
|---|---|---|---|
| 001 | 16796822 | ||
| 005 | 20260129050321.0 | ||
| 008 | 110525s2011 enka b 001 0 eng d | ||
| 010 | _a 2011282121 | ||
| 020 |
_a9780745649283 _q(pbk.) |
||
| 082 | _a338.17498 DAU | ||
| 100 | 1 | _aDauvergne, Peter | |
| 245 | 1 | 0 |
_aTimber / _cPeter Dauvergne and Jane Lister. |
| 260 |
_aCambridge : _bPolity Press, _c2011. |
||
| 300 |
_aviii, 200 p. : _bill. ; _c21 cm. |
||
| 505 | _a1 The Global Political Economy of Timber 2 The Power of Big Retail 3 The Northern Forest and Paper Multinationals 4 The Rise of the Third World 5 Consuming the South 6 Governing Timber Consumption Notes Selected Readings Index | ||
| 650 | 0 | _aLumber trade. | |
| 650 | 0 |
_aLumber trade _xEnvironmental aspects. |
|
| 700 | 1 | _aLister, Jane. | |
| 856 | 4 | 1 |
_3Table of contents _uhttp://www.loc.gov/catdir/enhancements/fy1112/2011282121-t.html |
| 942 |
_2ddc _cBK |
||
| 999 |
_c111855 _d111855 |
||